000 00498nam a2200205Ia 4500
003 OSt
005 20140319102737.0
008 140130s9999 xx 000 0 und d
020 _a0439416612
050 _aPZ 7
_b.An54395Gam 2005
100 _aAnderson, M.T.
245 _cAnderson, M.T.
_aThe game of the sunken places /
260 _bScholastic,
_c2005.
_aNew York :
300 _a260 p. ;
_c22 cm.
440 _v1
521 _aG4
526 _c670
942 _cBK
_2lcc
999 _c40933
_d40933